000 00921nas a2200277 454500
001 36134
005 20260407193509.0
008 260407s1996####ag###########|||spa#d
003 AR-UNSa-BCEJYS
040 _aAR-UNSa-BCEJYS
_bspa
_cAR-UNSa-BCEJYS
080 _a378
_xEnseñanza superior. Universidades. Escuelas especiales
245 1 0 _aAnuario de estadísticas universitarias
264 1 _aBuenos Aires :
_b[s.n.]
_c1996
310 _aFrecuencia: Anual
041 _aspa
942 _cSER
590 _aniveau_biblio:s niveau_hierar:1
100 1 _aArgentina. Ministerio de Cultura y Educación. Secretaría de Politicas Universitarias
650 _aUNIVERSIDADES
650 _aEstudiante
650 _aESTADISTICA
650 _aGraduado
650 _aEducación
650 _aEDUCACION SUPERIOR
856 4 1 _uhttps://biblioeco.unsa.edu.ar/pmb/images/revistas/anuarioEstadUniv.jpg
_yImagen de portada
_qimage/jpeg
999 _c8779
_d8779